000 00555nam a2200181Ia 4500
008 140321s9999 xx 000 0 und d
020 _a9789814384179
050 _aQA76.76.O63
_b.S7655 2012
100 _aStuart, Brian
245 _aOperating systems :
_bprinciples, design and applications /
_cBrian Stuart.
260 _aPhilippines :
_bCengage Learning,
_cc2012.
300 _a470 p. :
_c23 cm.
500 _aIncludes bibliographical references.
521 _aIT
650 _aOperating systems (Computers).
942 _kLOC
_cBK
999 _c48345
_d48345